| 000 | 00545nam a2200157 i 4500 | ||
|---|---|---|---|
| 001 | 183704 | ||
| 003 | ES-MaACL | ||
| 005 | 20230906221945.0 | ||
| 008 | 140929s1914 cu |||| | spa d | ||
| 110 | 1 |
_aBélgica. _bMinistère des Affaires Etrangères. _92158 |
|
| 245 | 1 | 0 | _aCorrespondencia Diplomática, relativa á la Guerra de 1914... |
| 260 |
_aHabana : _b[s.n.], _c1914. |
||
| 650 | 4 |
_aGuerra mundial, 1914-1918- _zBélgica. _9158946 |
|
| 650 | 0 | 4 |
_aGuerra mundial, 1914-1918- _xHistoria diplomática. _913221 |
| 852 |
_aES-MaACL _jT-1441-F-2 |
||
| 999 |
_c183704 _d183704 |
||